| 000 | 00528 a2200181 4500 | ||
|---|---|---|---|
| 003 | OSt | ||
| 005 | 20260326133546.0 | ||
| 008 | 240206b |||||||| |||| 00| 0 eng d | ||
| 020 | _a978938756995 | ||
| 040 | _cOCLC | ||
| 082 |
_a823.801 _bWIL/V |
||
| 100 |
_aWilde, Oscar _95040 |
||
| 245 |
_aVanampadiyum Panineerpoovum Mattu Kathakalum / _cOscar Wiled |
||
| 250 | _a1st ed. | ||
| 260 |
_aKOZHIKODE: _bOLIVE PUBLICATION, _c2015. |
||
| 300 | _a153P. | ||
| 942 |
_2ddc _cBK _h823.801 _iWIL/V _k823.801 _mWIL/V |
||
| 999 |
_c44327 _d44327 |
||